Φορτώνει......

World development indicators. 2013

Λεπτομέρειες βιβλιογραφικής εγγραφής
Κύριος συγγραφέας: World bank
Έκδοση: World bank 2013
LEADER 00188 a2200085 4500
100 |a World bank 
245 |a World development indicators. 2013 
260 |c 2013  |b World bank 
942 |c BK  |6 _ 
999 |c 67333  |d 67333